Central Library OPAC University of Rajshahi

Four favorite books by Christopher Morley : four volumes in one: Parnassus on wheels ; The Haunted bookshop ; Where the blue begins ; Thunder on the left./ (Record no. 76806)

MARC details
000 -LEADER
fixed length control field 00728nam a22002057a 4500
001 - CONTROL NUMBER
control field 76806
003 - CONTROL NUMBER IDENTIFIER
rucl marc code BD-RjUL
005 - DATE AND TIME OF LATEST TRANSACTION
control field 20211209082906.0
008 - FIXED-LENGTH DATA ELEMENTS--GENERAL INFORMATION
fixed length control field 200120s1939 ||||| |||| 00| 0 eng d
035 ## - SYSTEM CONTROL NUMBER
System control number (BD-RjUL)77030
040 ## - CATALOGING SOURCE
Original cataloging agency BD-RjUL
Language of cataloging eng
Transcribing agency BD-RjUL
041 ## - LANGUAGE CODE
Language code of text/sound track or separate title eng
082 ## - DEWEY DECIMAL CLASSIFICATION NUMBER
Edition number 23
Classification number 813.5
Author mark and year MOF 1939
100 ## - MAIN ENTRY--PERSONAL NAME
Personal name Morley, Christopher
9 (RLIN) 237967
245 ## - TITLE STATEMENT
Title Four favorite books by Christopher Morley : four volumes in one: Parnassus on wheels ; The Haunted bookshop ; Where the blue begins ; Thunder on the left./
Statement of responsibility, etc. Christopher Morley
260 ## - PUBLICATION, DISTRIBUTION, ETC. (IMPRINT)
Place of publication, distribution, etc. New York :
Name of publisher, distributor, etc. Garden City Pub. Co.,
Date of publication, distribution, etc. 1939.
300 ## - PHYSICAL DESCRIPTION
Pagination 190, 289, 215, 273 pages ;
Size 22 cm
600 ## - SUBJECT ADDED ENTRY--PERSONAL NAME
Personal name Morley, Christopher,
Chronological subdivision 1890-1957
942 ## - ADDED ENTRY ELEMENTS (KOHA)
Source of classification or shelving scheme Dewey Decimal Classification
Koha item type Books
Holdings
Lost status Source of classification or shelving scheme Damaged status Not for loan Collection code Permanent Location Current Location Shelving location Date acquired Source of acquisition Total Checkouts Full call number Date last seen Copy number Koha item type
  Dewey Decimal Classification   Not For Loan Fiction Central Library, University of Rajshahi Central Library, University of Rajshahi Reading Room 06/04/1962 Asia Foundation , U.S.A.   813.5 MOF 1939 20/01/2020 C-1 Books